| 000 | 00364nam a2200133Ia 4500 | ||
|---|---|---|---|
| 008 | 230917s9999||||xx |||||||||||||| ||und|| | ||
| 040 |
_e96716 _aMAIN |
||
| 041 | _aEnglish | ||
| 082 | _a617 J199C | ||
| 100 | _aJain, Rishi | ||
| 245 | 0 | _aComparative evaluation of silk sutures versus staples for skin closure in surgical incisions | |
| 300 | _a67 p. | ||
| 942 | _cTH | ||
| 999 |
_c88657 _d88657 |
||